| 000 | 02298nam0a2200409 4500 | ||
|---|---|---|---|
| 001 | RU\NLR\bibl\24741 | ||
| 005 | 20121010113832.0 | ||
| 010 |
_a5-7390-0346-6 _bобщ. |
||
| 010 |
_a5-7390-0289-3 _bОлимп |
||
| 010 |
_a5-237-00894-1 _bАСТ _94000 |
||
| 021 |
_aRU _b99-8371 _9401 |
||
| 035 | _a(NLR Aleph) 000024118 | ||
| 090 |
_a114673 _c114673 |
||
| 100 | _a19990428d1999 u y0rusy50 ca | ||
| 101 | 0 | _arus | |
| 102 | _aRU | ||
| 105 | _ay ||||||||| | ||
| 200 | 1 |
_aДревнерусская литература _f[Сост., авт. справ. и метод. материалов Л.Д. Страхова] |
|
| 210 |
_aМ. _cОлимп _aНазрань _cАСТ _d1999 |
||
| 215 |
_a605 с. _d20 |
||
| 225 | 1 |
_aШкола классики _eШК _eКнига для ученика и учителя |
|
| 300 | _aНа тит. л. и обл. загл. сер.: Кн. для ученика и учителя | ||
| 320 | _aБиблиогр.: с. 602-603 | ||
| 327 | 0 |
_aСодерж.: Повесть временных лет. "Поучения" Владимира Мономаха. О походе Игоря Святославича на половцев. Слово о полку Игореве. Сказание о Борисе и Глебе. Из "Слова озаконе и благодати" Илариона. Из "Жития Феодосия Печерского". Чудо со змеем, бывшее со святым великомучеником Георгием. "Моление" Даниила Заточника. Житие Александра Невского и др. _aВ кн. также: Критика и коммент. Темы и развернутые планы сочинений. Материалы для подготовки к уроку |
|
| 606 | 0 |
_aДревнерусская литература _xМетодика преподавания _xСредняя школа _91657736 _3RU\NLR\auth\66734160 |
|
| 686 | _aЧ426.21,6(2)313 | ||
| 686 | _aШ9(2)62=Р3-4 | ||
| 702 | 1 |
_aСтрахова _bЛ. Д. _4220 |
|
| 801 | 0 |
_aRU _bNLR _c19990428 _gPSBO |
|
| 801 | 1 |
_aRU _bNLR _c19990428 |
|
| 852 |
_aNLR _j99-3/2513 |
||
| 942 | _cBOOK | ||
| 980 | _aSUPPRESS | ||
| 980 | _aSUPPRESS | ||
| 980 | _aNB | ||